LEADER 01162nam 2200397 450 001 9910154839303321 005 20230810001512.0 010 $a1-63472-223-X 035 $a(CKB)3710000000972106 035 $a(MiAaPQ)EBC5155670 035 $a(EXLCZ)993710000000972106 100 $a20180509d2017 uy 0 101 0 $aeng 135 $aurcnu|||||||| 181 $ctxt$2rdacontent 182 $cc$2rdamedia 183 $acr$2rdacarrier 200 10$aHinduism /$fKatie Marsico 210 1$aAnn Arbor, Michigan :$cCherry Lake Publishing,$d[2017] 210 4$d©2017 215 $a1 online resource (32 pages) $cillustrations 225 1 $aGlobal Citizens: World Religions 311 $a1-63472-157-8 320 $aIncludes bibliographical references and index. 410 0$a21st century skills library.$pGlobal citizens: world religions. 606 $aHinduism$vJuvenile literature 615 0$aHinduism 676 $a294.5 700 $aMarsico$b Katie$f1980-$01209617 801 0$bMiAaPQ 801 1$bMiAaPQ 801 2$bMiAaPQ 906 $aBOOK 912 $a9910154839303321 996 $aHinduism$92888783 997 $aUNINA LEADER 01394nam0 22003131i 450 001 UON00183221 005 20231205103141.370 010 $a06-311-5521-X 100 $a20030730d1988 |0itac50 ba 101 $aeng 102 $aGB 105 $a|||| 1|||| 200 1 $aˆAn ‰ordered society$egender and class in early modern England$fSusan Dwyer Amussen 210 $aOxford$cBlackwell$d1988 215 $aXI, 203 p.$d26 cm. 410 1$1001UON00171815$12001 $aFamily, sexuality and social relations in past times$1210 $aOxford$cBasil Blackwell 606 $aDonna$xInghilterra$xStoria$3UONC065971$2FI 606 $aFamiglia$xGran Bretagna$xSec. 16.-18.$3UONC065926$2FI 606 $aSESSO E SOCIETA'$xGran Bretagna$xSec. 16.-18.$3UONC065925$2FI 620 $aGB$dOxford$3UONL000029 676 $a306.8$cMatrimonio e famiglia$v21 700 1$aAMUSSEN$bSusan Dwyer$3UONV105932$0676007 712 $aBlackwell$3UONV257126$4650 801 $aIT$bSOL$c20250808$gRICA 912 $aUON00183221 950 $aSIBA - SISTEMA BIBLIOTECARIO DI ATENEO$dSI Angl XIV 080 $eSI LO 43448 5 080 950 $aSIBA - SISTEMA BIBLIOTECARIO DI ATENEO$dSI EUR C A 0419 $eSI SC 22885 5 0419 996 $aOrdered society$91288642 997 $aUNIOR